| 000 | 00862nam a2200217 a 4500 | ||
|---|---|---|---|
| 001 | 000039432 | ||
| 005 | 20250924073803.0 | ||
| 008 | 130627s1998 dr 000 0 spa d | ||
| 040 |
_aDO-SdBNP _bspa _cBNPHU |
||
| 100 | 1 |
_aLinares, Manuel _953454 |
|
| 245 | 1 | 0 |
_aAnatomía de una economía en crisis : _bcafé, cacao, tabaco y azúcar (1961-1997) / _cManuel Linares. |
| 260 |
_aSanto Domingo : _bUniversidad Autónoma de Santo Domingo, _c1998. |
||
| 300 |
_a192 p. ; _c22 cm. |
||
| 490 | 1 |
_aPublicaciones de la Universidad Autónoma de Santo Domingo _v860 |
|
| 490 | 1 |
_aEconomía y Sociedad _vno. 12 |
|
| 500 | _aIncluye índice de cuadros | ||
| 500 | _aIncluye notas al pie de las páginas | ||
| 504 | _aBibliografía : p. 183-189 | ||
| 830 |
_aPublicaciones de la Universidad Autónoma de Santo Domingo _v860 _952 |
||
| 830 | 0 |
_aEconomía y Sociedad _n12 _965632 |
|
| 999 |
_c38922 _d38922 |
||